00479nam a2200193Ia 4500008004100000020001800041050001400059100001900073245002000092245004800112260001500160260001600175260000900191300001400200300002700214300001000241440002700251500000700278170918s9999 xx 000 0 und d a9780590461900 bP119 1993 aPackard, David 4aThe ball game / cDavid Packard ; illustrated by R. W. Alley. aNew York : bScholastic, c1993 aunpaged : bcolored illustration ; c23cm. aHello reader! Level 1. aBR